000 00328nam a2200133Ia 4500
008 220928s9999 xx 000 0 und d
082 _bCHA
100 _aCHAUDHARI, M.R.
245 0 _aBIOCHEMISTRY AND CLINICAL PATHOLOGY
260 _bNIRALI PRAKASHAN, PUNE
_c2013
300 _aA-22
650 _aBiochemistry
942 _cBK
999 _c209513
_d209513